Statistiques concernant 20 Utilisateurs de feu dans les Mangas / Anime

Cliquez ici pour prendre le quiz!

Statistiques générales

  • Ce quiz a été pris 113 fois
  • Le résultat moyen est 8 sur 20

Statistiques - réponses

Réponse% Correct
Natsu
97%
Ace
95%
Madara
88%
Dracaufeu
75%
Rengoku
74%
Escanor
71%
Endeavor
68%
Mustang
45%
Yamamoto
42%
Benimaru
39%
Mohammed Abdul
35%
Mereoleona Vermillion
29%
Zuko
28%
Ikki
15%
Tsuna
13%
Alibaba
9%
Rei Hino
9%
Hao Asakura
8%
Shana
5%
Shishio
3%

Distribution des résultats

Percentile par nombre de réponses

% des personnes avec chaque résultat

Votre développement - résultats

Vous n’avez pas pris ce quiz